Determinantes sociales de la mortalidad infantil en Costa Rica /

Salvato in:
Dettagli Bibliografici
Autore principale: Behm Rosas, Hugo
Altri autori: Granados Bloise, Damaris, Robles S, M. A. Arodys
Natura: Sconosciuto
Pubblicazione: San José: s.e.
Soggetti:
Tags: Aggiungi Tag
Nessun Tag, puoi essere il primo ad aggiungerne!!

MARC

LEADER 00000 a2200000 04500
001 25912
003
008 991231s d
040
090 |a 174304  
100 |a Behm Rosas, Hugo  
245 |a Determinantes sociales de la mortalidad infantil en Costa Rica /  |c Hugo Behm Rosas  
260 |a San José:   |b s.e.  
300 |a p. irreg  
650 |a HOSPITALES  
650 |a DATOS ESTADISTICOS  
650 |a NACIMIENTOS  
650 |a MORTALIDAD  
700 |a Granados Bloise, Damaris  
700 |a Robles S, M. A. Arodys  
999 |c 8810  |d 8810